000 nam a22 a 4500
999 _c389960
_d389960
003 BLK
005 20201012084715.0
008 180410b bul|||||r ||||||| ||bul||
010 _aKNG00156516000
040 _aBLK
041 _aBUL
_cBUL
080 _aНемска литература
_b821.112.2
_x-31
_z821.112.2-31
100 1 _aРетклиф, Джон
_eпърви автор
_gГьодше, Херман
_9115960
139 _aРетклиф, Джон
_bР 53
245 1 0 _aМара, хубавата българка или Софийските потайности
_bРоман : Кн. 1 -
_cДжон Ретклиф ; прев. Драгутин Карл Валтер
_nКн. 2
257 _aDEU
260 _c1889
_9220749
_aРусе
_bД. Яков
_fРусе : Ст. Ив. Роглев
300 _c25 см
380 _aX
490 _9435080
_aКолекция Редки и ценни издания
500 _aДжон Ратклиф - псевд. на Херман Гьодше Кн. изд. в 40 брош. От брош. N 21 авт. означен Ретлаф Вероятна г. на изд. между 1889-1899
700 1 _aВалтер, Драгутин Карл
_eпрев. от нем.
_9380133
760 1 _aРетклиф, Джон
_h961 - 1930 с.
_tКн. 2
852 _aРб 889
_bРц
942 _cKNG
_n0
_03
_s1
944 _aCR
_c2020-10-12
_kВЙ
999 _d389959